000 00739nam a22002057a 4500
999 _c16050
_d16050
003 AR-CdUCM
008 190430b ||||| |||| 00| 0 spa d
040 _aMUNICIPALIDAD PROVINCIAL DEL CUSCO
_cBIBLIOTECA MUNICIPAL DEL CUSCO
082 _a985.13 /
_bP77
100 _aPortugal Carbajal, Teodoro
_924366
245 _aLa zona del bajo urubamba :
_bLa convención /
260 _aCusco :
_bKhipu,
_c2006.
300 _a188 páginas ;
_bFotografías,
_c20 cm.
505 _aContenido: La zona del bajo urubamba -- Temas encargados a profesionales invitados -- temas especiales...
650 _aLa convención
_98740
650 _aQuillabamba
_935331
650 _aBajo urubamba
_935332
942 _2ddc
_cLIBROS
945 _adavv
_d30/04/2019